Deník terapie - jednoduchá léčebná pomůcka

Bibliographic Details
Main Author: Nešpor, Karel, 1952- (Author)
Format: Article
Language:Czech
Subjects:

MARC

LEADER 00000nab a2200000 a 4500
001 vtls001507841
003 SK-MaSNL
005 20260304214819.0
008 140301s1999 xo 000 0 cze
035 |a SPKCL10168 
040 |a SPKCL  |b slo  |c SNKBUCL  |d PdF UK(ST)  |e AACR2 
041 |a cze 
044 |a xo  |c SK 
080 |a 613.81/.83:616-08  |2 1981 
100 1 |a Nešpor, Karel,  |d 1952-  |4 aut  |9 100459 
245 1 0 |a Deník terapie - jednoduchá léčebná pomůcka  |c Karel Nešpor 
650 0 7 |a terapia  |2 snkbucl  |9 781 
650 0 7 |a drogová závislosť  |2 snkbucl  |9 1551 
650 0 7 |a sebapozorovanie  |2 snkbucl  |9 49909 
773 1 |t Alkoholizmus a drogové závislosti (Protialkoholický obzor)  |g Roč. 34, č. 5 (1999) s. 305-308 
850 |a Slovenská pedagogická knižnica Bratislava 
852 |a SPKCL  |b KIS3GCP  |b 000710000  |n SK 
999 |c 3143398  |d 3145328